[Event "GER-ch52 V07 email"]
[Site "GER email"]
[Date "2020.04.16"]
[Round "?"]
[White "Tropf, Peter"]
[Black "Schludecker, Elke"]
[Result "1/2-1/2"]
[WhiteElo "2330"]
[BlackElo "2349"]
[PlyCount "86"]
[EventDate "2020.??.??"]
[EventType "tourn (corr)"]
[EventRounds "10"]
[EventCountry "GER"]
[SourceTitle "Corr 2022"]
[Source "ChessBase"]
[SourceDate "2021.10.24"]
[SourceVersion "1"]
[SourceVersionDate "2021.10.24"]
[SourceQuality "1"]

1. e4 c5 2. Nf3 Nc6 3. Bb5 g6 4. Bxc6 dxc6 5. d3 Bg7 6. h3 Nf6 7. Nc3 0-0 8. Be3 b6 9. Qd2 e5 10. Bh6 Qd6 11. Bxg7 Kxg7 12. 0-0 Re8 13. a4 a5 14. b3 Nh5 15. Ne2 f6 16. Qc3 g5 17. Kh2 Nf4 18. Qd2 Ng6 19. Ng3 Kf7 20. Nh5 Qf8 21. Qd1 Qh6 22. Nd2 Nf4 23. Nxf4 gxf4 24. Nc4 Rg8 25. Nd6+ Ke7 26. Nxc8+ Raxc8 27. Rg1 Kd6 28. Qf3 Rc7 29. c3 Rd7 30. Rab1 Kc7 31. b4 cxb4 32. cxb4 axb4 33. Rxb4 Qf8 34. Rc4 Qa3 35. Rgc1 c5 36. a5 Qxa5 37. d4 exd4 38. Qxf4+ Kb7 39. Qf5 Qb5 40. Rb4 Qc6 41. Rxc5 Qd6+ 42. e5 Rxg2+ 43. Kh1 Rg1+ 1/2-1/2

[Event "GER-ch52 V07 email"]
[Site "GER email"]
[Date "2020.04.16"]
[Round "?"]
[White "Tropf, Peter"]
[Black "Schumacher, Frank"]
[Result "1/2-1/2"]
[WhiteElo "2330"]
[BlackElo "2340"]
[PlyCount "62"]
[EventDate "2020.??.??"]
[EventType "tourn (corr)"]
[EventRounds "10"]
[EventCountry "GER"]
[SourceTitle "Corr 2022"]
[Source "ChessBase"]
[SourceDate "2021.10.24"]
[SourceVersion "1"]
[SourceVersionDate "2021.10.24"]
[SourceQuality "1"]

1. e4 e5 2. Nf3 Nc6 3. Bc4 Bc5 4. c3 Nf6 5. d3 d6 6. 0-0 a6 7. Nbd2 0-0 8. Bb3 Ba7 9. h3 h6 10. Re1 Be6 11. Nf1 Re8 12. Ng3 d5 13. Qe2 Qd7 14. Be3 Bxe3 15. Qxe3 Rad8 16. Rad1 d4 17. Bxe6 dxe3 18. Bxd7 exf2+ 19. Kxf2 Nxd7 20. Nf5 Nc5 21. Ke3 a5 22. g4 a4 23. Rd2 b5 24. Red1 b4 25. cxb4 Nxb4 26. Rc1 Rxd3+ 27. Rxd3 Nbxd3 28. Rc3 Rb8 29. Nxe5 Nxe5 30. Rxc5 Ng6 31. Rxc7 Rxb2 1/2-1/2

[Event "GER-ch Net Amateur Gr-C Vor2"]
[Site "Playchess.com INT"]
[Date "2020.04.15"]
[Round "1"]
[White "Skopp, Jonathan"]
[Black "Tropf, Peter"]
[Result "1-0"]
[WhiteElo "1511"]
[BlackElo "1205"]
[PlyCount "47"]
[EventDate "2020.04.15"]
[EventType "swiss (blitz)"]
[EventRounds "9"]
[EventCountry "GER"]
[SourceTitle "CBM 196 Extra"]
[Source "ChessBase"]
[SourceDate "2020.07.31"]
[SourceVersion "1"]
[SourceVersionDate "2020.07.31"]
[SourceQuality "1"]

1. d4 d5 2. Bf4 c6 3. e3 Nf6 4. Nf3 e6 5. c3 Be7 6. Bd3 0-0 7. Nbd2 Bd7 8. Ne5 Re8 9. Qf3 Na6 10. Qh3 Nc7 11. g4 g6 12. Ndf3 Ne4 13. Bxe4 dxe4 14. Nxd7 Qxd7 15. Ng5 Bxg5 16. Bxg5 b6 17. Bf6 Red8 18. Qh6 Ne8 19. Bxd8 Rxd8 20. h4 Ng7 21. h5 f5 22. hxg6 Ne8 23. gxh7+ Kf7 24. h8Q 1-0

[Event "GER-ch Net Amateur Gr-C Vor2"]
[Site "Playchess.com INT"]
[Date "2020.04.15"]
[Round "5"]
[White "Stein, Daniel2222"]
[Black "Tropf, Peter"]
[Result "0-1"]
[WhiteElo "1160"]
[BlackElo "1205"]
[PlyCount "108"]
[EventDate "2020.04.15"]
[EventType "swiss (blitz)"]
[EventRounds "9"]
[EventCountry "GER"]
[SourceTitle "CBM 196 Extra"]
[Source "ChessBase"]
[SourceDate "2020.07.31"]
[SourceVersion "1"]
[SourceVersionDate "2020.07.31"]
[SourceQuality "1"]

1. e4 e5 2. d4 exd4 3. Nf3 Nc6 4. Bc4 Bc5 5. 0-0 Nf6 6. Re1 0-0 7. Bf4 Re8 8. e5 Ng4 9. c3 Na5 10. cxd4 Bb6 11. Bb3 Nxb3 12. axb3 d6 13. exd6 cxd6 14. Rxe8+ Qxe8 15. Bxd6 Qe6 16. Bf4 Qxb3 17. Qxb3 Be6 18. Qd3 Rd8 19. Ra4 Rd5 20. Nc3 Rh5 21. h3 Bf5 22. Qe3 g5 23. Qe8+ Kg7 24. hxg4 Bxg4 25. Be5+ Kg6 26. Bf6 Bc7 27. Qb8 Bxb8 28. Bxg5 f6 29. Be3 f5 30. d5 f4 31. Nb5 fxe3 32. fxe3 Bxf3 33. gxf3 Rxd5 34. Kf2 Rxb5 35. Ke2 Rxb2+ 36. Kd3 Rb6 37. Ke4 Kg5 38. Kd5 h5 39. f4+ Kg4 40. Ke4 h4 41. Kd3 h3 42. Ke2 h2 43. Kd3 h1Q 44. Kd4 Qd1+ 45. Kc5 Qxa4 46. Kd5 Qa5+ 47. Ke4 Rb4+ 48. Kd3 Qa4 49. Kd2 Qa2+ 50. Kc3 Rb3+ 51. Kc4 Qc2+ 52. Kd4 Rd3+ 53. Ke4 a5 54. f5 Qc4# 0-1

[Event "GER-ch Net Amateur Gr-C Vor2"]
[Site "Playchess.com INT"]
[Date "2020.04.15"]
[Round "2"]
[White "Tropf, Peter"]
[Black "Helmer, Andreas"]
[Result "1/2-1/2"]
[WhiteElo "1205"]
[BlackElo "1483"]
[PlyCount "139"]
[EventDate "2020.04.15"]
[EventType "swiss (blitz)"]
[EventRounds "9"]
[EventCountry "GER"]
[SourceTitle "CBM 196 Extra"]
[Source "ChessBase"]
[SourceDate "2020.07.31"]
[SourceVersion "1"]
[SourceVersionDate "2020.07.31"]
[SourceQuality "1"]

1. d4 e6 2. Nf3 f5 3. Bf4 Nf6 4. e3 b6 5. Bd3 Bb7 6. Nbd2 Be7 7. 0-0 0-0 8. Qe2 d6 9. Rfe1 Nbd7 10. c4 Qe8 11. d5 e5 12. Bg3 e4 13. Nxe4 fxe4 14. Bc2 exf3 15. Qxf3 Nh5 16. Qe4 Ndf6 17. Qd3 Bc8 18. h3 g6 19. Bh4 Bf5 20. e4 Nxe4 21. Bxe7 Qxe7 22. Qd4 Qg7 23. Qd3 Nc5 24. Qe2 Rae8 25. Qd1 Rxe1+ 26. Qxe1 Bxc2 27. Qe6+ Qf7 28. Qxf7+ Rxf7 29. Rc1 Bd3 30. b4 Ne4 31. f3 Neg3 32. Rd1 Bc2 33. Rc1 Bf5 34. c5 dxc5 35. bxc5 bxc5 36. Rxc5 Rd7 37. Ra5 Ne2+ 38. Kf2 Nc3 39. a4 Nf4 40. Rxa7 Rxd5 41. Ra8+ Kg7 42. Rc8 Nd3+ 43. Kg1 Re5 44. Rxc7+ Kh6 45. Rxc3 Re1+ 46. Kh2 Nf2 47. Rc7 Ra1 48. g4 Rxa4 49. gxf5 gxf5 50. Kg3 Nd3 51. Rc6+ Kg7 52. h4 Ne5 53. Rc5 Ng6 54. Rxf5 Rxh4 55. Rg5 Rh6 56. Kg4 Kf6 57. f4 Rh4+ 58. Kf3 Rxf4+ 59. Kg3 Kxg5 60. Kh3 h5 61. Kg3 h4+ 62. Kh3 Rf3+ 63. Kg2 Ne5 64. Kh2 Kg4 65. Kg2 Nd3 66. Kh2 h3 67. Kh1 Nf2+ 68. Kh2 Re3 69. Kg1 Kf3 70. Kh2 1/2-1/2

[Event "GER-ch Net Amateur Gr-C Vor2"]
[Site "Playchess.com INT"]
[Date "2020.04.15"]
[Round "6"]
[White "Tropf, Peter"]
[Black "Schriefer, Leo Hans"]
[Result "0-1"]
[WhiteElo "1205"]
[BlackElo "1432"]
[PlyCount "30"]
[EventDate "2020.04.15"]
[EventType "swiss (blitz)"]
[EventRounds "9"]
[EventCountry "GER"]
[SourceTitle "CBM 196 Extra"]
[Source "ChessBase"]
[SourceDate "2020.07.31"]
[SourceVersion "1"]
[SourceVersionDate "2020.07.31"]
[SourceQuality "1"]

1. d4 d5 2. Nf3 Nf6 3. e3 Bf5 4. c4 e6 5. Qb3 b6 6. c5 Nbd7 7. Bb5 a6 8. Bxd7+ Qxd7 9. cxb6 cxb6 10. Qxb6 Qd8 11. Qxd8+ Rxd8 12. Ne5 Bd6 13. Nc6 Rc8 14. Nb4 Bxb4+ 15. Bd2 Rc1+ 0-1

[Event "GER-ch Net Amateur Gr-C Vor1"]
[Site "Playchess.com INT"]
[Date "2020.04.14"]
[Round "1"]
[White "Bone, Franziska"]
[Black "Tropf, Peter"]
[Result "1-0"]
[WhiteElo "1620"]
[BlackElo "1145"]
[PlyCount "25"]
[EventDate "2020.04.14"]
[EventType "swiss (blitz)"]
[EventRounds "9"]
[EventCountry "GER"]
[SourceTitle "CBM 196 Extra"]
[Source "ChessBase"]
[SourceDate "2020.07.31"]
[SourceVersion "1"]
[SourceVersionDate "2020.07.31"]
[SourceQuality "1"]

1. e4 e5 2. Nf3 Nf6 3. Bc4 Nxe4 4. Qe2 d5 5. Bd3 Bf5 6. Nc3 Nxc3 7. Qxe5+ Be6 8. bxc3 Bc5 9. 0-0 0-0 10. Qh5 g6 11. Qh6 Re8 12. Ng5 Bxf2+ 13. Rxf2 1-0

[Event "GER-ch Net Amateur Gr-C Vor1"]
[Site "Playchess.com INT"]
[Date "2020.04.14"]
[Round "4"]
[White "Grunwald, Guenther"]
[Black "Tropf, Peter"]
[Result "1-0"]
[WhiteElo "1620"]
[BlackElo "1173"]
[PlyCount "63"]
[EventDate "2020.04.14"]
[EventType "swiss (blitz)"]
[EventRounds "9"]
[EventCountry "GER"]
[SourceTitle "CBM 196 Extra"]
[Source "ChessBase"]
[SourceDate "2020.07.31"]
[SourceVersion "1"]
[SourceVersionDate "2020.07.31"]
[SourceQuality "1"]

1. e4 e5 2. Nf3 Nf6 3. d3 Bc5 4. Nc3 Nc6 5. Be2 0-0 6. 0-0 d6 7. a3 Nd4 8. b4 Nxf3+ 9. Bxf3 Bd4 10. Bb2 Be6 11. Rb1 a6 12. Ne2 Bxb2 13. Rxb2 b5 14. c3 c6 15. Ng3 g6 16. d4 exd4 17. cxd4 Qc7 18. d5 cxd5 19. exd5 Nxd5 20. Bxd5 Bxd5 21. Qxd5 Rfe8 22. h3 Re5 23. Qd3 f5 24. Rd1 Rd8 25. Rc2 Qe7 26. Ne2 Kg7 27. Nd4 Qg5 28. Nc6 Rde8 29. Nxe5 dxe5 30. Rc7+ Kh6 31. Qd7 Rg8 32. Qxh7# 1-0

[Event "GER-ch Net Amateur Gr-C Vor1"]
[Site "Playchess.com INT"]
[Date "2020.04.14"]
[Round "8"]
[White "Schriefer, Leo Hans"]
[Black "Tropf, Peter"]
[Result "1-0"]
[WhiteElo "1436"]
[BlackElo "1178"]
[PlyCount "73"]
[EventDate "2020.04.14"]
[EventType "swiss (blitz)"]
[EventRounds "9"]
[EventCountry "GER"]
[SourceTitle "CBM 196 Extra"]
[Source "ChessBase"]
[SourceDate "2020.07.31"]
[SourceVersion "1"]
[SourceVersionDate "2020.07.31"]
[SourceQuality "1"]

1. e4 e5 2. Nf3 Nf6 3. Nxe5 d6 4. Nf3 Nxe4 5. Qe2 Qe7 6. d3 Nf6 7. Qxe7+ Bxe7 8. Be2 0-0 9. 0-0 Bg4 10. h3 Bh5 11. Nc3 Nc6 12. Bg5 h6 13. Bxf6 Bxf6 14. Nd2 Rfe8 15. Bxh5 Bxc3 16. bxc3 Ne5 17. Bf3 g6 18. Bxb7 Rab8 19. Bf3 Rb2 20. Rfc1 c5 21. Bd1 Rbb8 22. Rcb1 Rbc8 23. Rb7 c4 24. dxc4 Nxc4 25. Nxc4 Rxc4 26. Rxa7 Rxc3 27. a4 Rc4 28. a5 Rce4 29. Bf3 Re1+ 30. Rxe1 Rxe1+ 31. Kh2 Rc1 32. Be4 f5 33. Bd3 Rb1 34. a6 Rb8 35. Rb7 Ra8 36. a7 Kf8 37. Rb8+ 1-0